00516nam#a22001935a#450000100040000024500390000425000120004326000400005530000330009550500470012810000230017508000110019808400120020965300110022104000230023200800410025500500170029600300090031394310aEl mago de oz /cFrank Lyman Baum. a1ª ed. aBarcelona :bEditores S. A.,c1994. a156 p. :bil. col. ;c20 cm.0 aContiene otros títulos de la colección1 aBaum, Frank Lyman. a82-344 aR26 L99 aCuento aAR-ClEAGcAR-ClEAG091005s1994####sp#a###g######001#j#spa#d20241107184652.0AR-ClEAG